Sprog
English
Deutsch
Español
Français
Italiano
日本語
Nederlands
Português
Português (Brasil)
中文(简体)
中文(繁體)
Türkçe
עברית
Gaeilge
Cymraeg
Ελληνικά
Català
Euskara
Русский
Čeština
Suomi
Svenska
polski
Dansk
slovenščina
اللغة العربية
বাংলা
Galego
Tiếng Việt
Hrvatski
हिंदी
Հայերէն
Українська
Alle Felter
Titel
Forfatter
Fag
ISBN/ISSN
Tag
Identifier
Find
Udvidet
T. 308, № 19; Comptes Rendus h...
Citér dette
Stav dette
Email dette
Udskriv
Eksportér post
Eksportér til RefWorks
Eksportér til EndNoteWeb
Eksportér til EndNote
Permanent link
এক্সপোর্ট সম্পূর্ন হয়েছে —
T. 308, № 19; Comptes Rendus hebdomadaires des seances de L'Academie des Sciences. Series A et B
Bibliografiske detaljer
Parent link:
Comptes Rendus hebdomadaires des seances de L'Academie des Sciences. Series A et B: magazine/ Academie des Sciences. T. 308, № 19.— , 1970-1990
Sprog:
fransk
Udgivet:
1989
Format:
Bog
KOHA link:
https://koha.lib.tpu.ru/cgi-bin/koha/opac-detail.pl?biblionumber=545067
Beholdninger
Beskrivelse
Lignende værker
Medarbejdervisning
MARC
LEADER
00000nam2a2200000 4500
001
545067
005
20231101115606.0
035
|a
(RuTPU)RU\TPU\prd\236888
035
|a
RU\TPU\prd\236870
090
|a
545067
100
|a
20150519a19701990k y0frey50 ba
101
0
|a
fre
102
|a
FR
200
0
|a
T. 308, № 19
210
|d
1989
461
1
|0
(RuTPU)RU\TPU\prd\1005
|t
Comptes Rendus hebdomadaires des seances de L'Academie des Sciences. Series A et B
|o
magazine
|f
Academie des Sciences
|v
T. 308, № 19
|d
1970-1990
801
0
|a
RU
|b
63413507
|c
20010227
|g
PSBO
801
1
|a
RU
|b
63413507
|c
20080423
|g
PSBO
801
2
|a
RU
|b
63413507
|c
20150519
|g
PSBO
942
|c
BK
999
|a
НТБ_ТПУ
|b
НФ
|e
-15/20140209
|p
П-94a-b
|u
0
|v
1
Lignende værker
T. 308, № 6; Comptes Rendus hebdomadaires des seances de L'Academie des Sciences. Series A et B
Udgivet: (1989)
T. 308, № 7; Comptes Rendus hebdomadaires des seances de L'Academie des Sciences. Series A et B
Udgivet: (1989)
T. 308, № 8; Comptes Rendus hebdomadaires des seances de L'Academie des Sciences. Series A et B
Udgivet: (1989)
T. 308, № 9; Comptes Rendus hebdomadaires des seances de L'Academie des Sciences. Series A et B
Udgivet: (1989)
T. 308, № 10; Comptes Rendus hebdomadaires des seances de L'Academie des Sciences. Series A et B
Udgivet: (1989)